Movies Quiz

Random Movies or Clickable Quiz

Amazon Movie Reviews VI Quiz Stats

 Plays Quiz Updated Sep 30, 2016

Challenge
Share
Tweet
Embed
Score 0/20 Timer 08:00
11 Plays Today
% Correct
Waterworld
96.3%
The Sixth Sense
96.1%
Magic Mike
95.7%
Keanu
95.6%
Star Trek Into Darkness
94.6%
Star Wars: Episode II - Attack of the Clones
94.3%
There Will Be Blood
94.1%
Space Jam
93.3%
The Hunger Games: Catching Fire
91.5%
The Martian
91%
% Correct
Crocodile Dundee
88.4%
Black Knight
87.1%
Lady and the Tramp
85.1%
Matilda
81.6%
21 Jump Street
80.9%
Deadpool
80.3%
Norm of the North
79.4%
Rocky
75.5%
Chappie
73.7%
Bride Wars
71.9%

You're not logged in!

Compare scores with friends on all Sporcle quizzes.
OR
Log In

You Might Also Like...

Show Comments

Extras

Top Quizzes Today


Score Distribution

Your Account Isn't Verified!

In order to create a playlist on Sporcle, you need to verify the email address you used during registration. Go to your Sporcle Settings to finish the process.

Report this User

Report this user for behavior that violates our Community Guidelines.

Details: